[Event "ZH-2010-0-00416"]
[Site "LSS email"]
[Date "2010.05.20"]
[Round "?"]
[White "Ederer, Karel"]
[Black "Gourion, Daniel"]
[Result "1/2-1/2"]
[WhiteElo "2170"]
[BlackElo "2054"]
[PlyCount "74"]
[EventDate "2010.05.01"]
[EventType "match (corr)"]
[EventRounds "2"]
[EventCountry "GER"]
[SourceTitle "Telechess CBM 141"]
[Source "ChessBase"]
[SourceDate "2011.03.17"]
[SourceVersion "1"]
[SourceVersionDate "2011.03.17"]
[SourceQuality "1"]

1. e4 e5 2. Nf3 Nf6 3. Nxe5 d6 4. Nf3 Nxe4 5. d4 d5 6. Bd3 Bd6 7. 0-0 0-0 8. c4 c6 9. cxd5 cxd5 10. Nc3 Nxc3 11. bxc3 Bg4 12. Rb1 Nd7 13. h3 Bh5 14. Rxb7 Nb6 15. Bd2 Bg6 16. Bb5 Bf5 17. Bc6 Rc8 18. Ba4 Ra8 19. Bb3 h6 20. Ne5 Bxe5 21. dxe5 Qc8 22. Rxb6 axb6 23. Bxd5 Ra3 24. Qc1 Qc5 25. c4 Rxa2 26. Be3 Qe7 27. Qc3 Rc2 28. Qd4 Re8 29. f4 Qc5 30. Rd1 Rc8 31. g4 Re2 32. Qxc5 bxc5 33. Bf2 Bc2 34. Rc1 Be4 35. Kf1 Rc2 36. Rxc2 Bxc2 37. Ke2 Kf8 1/2-1/2

[Event "FRA-chT2 South 0809"]
[Site "France"]
[Date "2009.04.04"]
[Round "10.4"]
[White "Gourion, Daniel"]
[Black "Quenolle, Philippe"]
[Result "1-0"]
[WhiteElo "2022"]
[BlackElo "1956"]
[PlyCount "111"]
[EventDate "2008.10.12"]
[EventType "team-tourn"]
[EventRounds "11"]
[EventCountry "FRA"]
[SourceTitle "EXT 2010"]
[Source "ChessBase"]
[SourceDate "2010.11.25"]
[SourceVersion "1"]
[SourceVersionDate "2010.11.25"]
[SourceQuality "1"]
[WhiteTeam "Avignon"]
[BlackTeam "Clermont Ferrand"]
[WhiteTeamCountry "FRA"]
[BlackTeamCountry "FRA"]

1. e4 d5 2. exd5 Qxd5 3. Nc3 Qa5 4. d4 Nf6 5. Nf3 Ne4 6. Bd2 Nxd2 7. Qxd2 Bf5 8. Bd3 g6 9. 0-0 Bg7 10. Rfe1 Bxd3 11. Qxd3 Bf6 12. Ne4 0-0 13. Nxf6+ exf6 14. Qb3 b5 15. Re2 Na6 16. Rae1 Rad8 17. Re7 Nb8 18. c3 Nc6 19. R7e2 a6 20. a3 Na7 21. Nd2 Nc8 22. Ne4 Qb6 23. h3 f5 24. Nc5 Qc6 25. Qc2 Nd6 26. Nd3 Ne4 27. Ne5 Qd6 28. Nf3 Qf6 29. Nd2 Nxd2 30. Rxd2 Rd7 31. Rde2 Rfd8 32. Re8+ Kg7 33. Qe2 Qd6 34. Rxd8 Rxd8 35. Qe5+ Qxe5 36. Rxe5 Rd6 37. Kf1 Kf6 38. Re8 h5 39. Rc8 Rc6 40. Ke2 Ke6 41. Kd3 Kd7 42. Rf8 Ke7 43. Ra8 Rd6 44. c4 bxc4+ 45. Kxc4 Rc6+ 46. Kd3 Kd6 47. Rd8+ Ke7 48. Rd5 Rc1 49. Rc5 Rxc5 50. dxc5 Ke6 51. Kc4 f4 52. b4 c6 53. a4 g5 54. f3 f5 55. b5 axb5+ 56. axb5 1-0

[Event "IECG CP.2000.P.00073"]
[Site "IECG email"]
[Date "2000.10.01"]
[Round "?"]
[White "Gourion, Daniel"]
[Black "Carrier, Michel"]
[Result "1-0"]
[WhiteElo "2051"]
[BlackElo "1450"]
[PlyCount "25"]
[EventDate "2000.10.01"]
[EventType "tourn (corr)"]
[EventRounds "6"]
[EventCountry "CRO"]
[SourceTitle "Corr 2008"]
[Source "ChessBase"]
[SourceDate "2008.06.24"]
[SourceVersion "1"]
[SourceVersionDate "2008.06.24"]
[SourceQuality "1"]

1. e4 d6 2. d4 Nf6 3. Nc3 g6 4. Be3 Bg7 5. Qd2 0-0 6. f3 c6 7. 0-0-0 b5 8. Bh6 Qa5 9. Kb1 Bxh6 10. Qxh6 b4 11. Nce2 Be6 12. b3 Qa3 13. Nf4 1-0